000 00457nam a2200181Ia 4500
001 51563
005 20240114005231.0
007 ta
008 091021s g b000 u 491 u
041 _a491
082 _a294.22
_bB 469 M
100 _a, .
245 0 _aMahabharatam: Vanaparva /
_cHaridasa Sidhanta Bagish Bhattacharya.
_hTextual Documents
653 _aSanskrit Literature
653 _aMS-Sanskrit
942 _2ddc
_cBK
999 _c51528
_d51528